000 01018nam a22003017i 4500
003 EG-GICUC
005 20260307063311.0
008 260307s1927 fr ||||fr|||| 000 0 fre d
040 _aEG-GiCUC
_bfre
_cEG-GiCUC
_dEG-GiCUC
_eRda
041 _afre
_hfre
082 _221
_a341.1
_bCE . C
092 0 4 _221
099 _aLaw 11 341.1 CE . C 1927
111 2 _aCercle des Relations Internationales
_eAuteur
245 1 0 _aLa Constitution de Weimar /
_cpar Professeur tibal.
264 0 _aParis;
_bDotation Carnegie pour la Paix Internationale,
_c1927.
300 _aمتعدد الارقام
_billustration ;
_c 24 cm.
336 _2rda contenu
_a texte
337 _2rda medias
_aOrdinateur
338 _2 transporteur rda
_a Ressource en ligne
504 _aBibliography: pages 200-250. 240-220
546 _aTexte en français
650 1 _aDroit international public
_2qrmak
651 1 _2qrmak
856 4 0 _uhttps://fll.law.cu.edu.eg/fulltext/bks/B11-08513.pdf
905 _a31
942 _2ddc
_cBK
_e21
_n0
999 _c65531
_d65531